[Event "Oberliga Baden 2223"]
[Site "Germany"]
[Date "2023.03.19"]
[Round "8.2"]
[White "Ruff, Maximilian"]
[Black "Rau, Hannes"]
[Result "1-0"]
[WhiteElo "2317"]
[BlackElo "2445"]
[PlyCount "59"]
[EventDate "2022.09.18"]
[EventType "team-tourn"]
[EventRounds "9"]
[EventCountry "GER"]
[SourceTitle "EXT 2024"]
[Source "ChessBase"]
[SourceDate "2023.10.10"]
[SourceVersion "1"]
[SourceVersionDate "2023.10.10"]
[SourceQuality "1"]
[WhiteTeam "Karlsruhe"]
[BlackTeam "Hockenheim"]
[WhiteTeamCountry "GER"]
[BlackTeamCountry "GER"]

1. d4 Nf6 2. c4 e6 3. Nc3 Bb4 4. f3 c5 5. d5 d6 6. e4 0-0 7. Nge2 b5 8. Nf4 e5 9. Nfe2 bxc4 10. Ng3 Bxc3+ 11. bxc3 Nbd7 12. Bxc4 Qa5 13. Bd2 Ba6 14. Be2 Bxe2 15. Qxe2 g6 16. 0-0 Rfe8 17. Qe3 Kh8 18. f4 c4 19. fxe5 Rxe5 20. Qf3 Rae8 21. Bf4 Rxe4 22. Bg5 Qc5+ 23. Kh1 Re3 24. Bxf6+ Kg8 25. Qf4 Nxf6 26. Qxf6 Qxd5 27. Rad1 Rd3 28. Rde1 Rde3 29. Rxe3 Rxe3 30. Nf5 1-0

[Event "Verbandsliga Nordbaden 1920"]
[Site "Baden"]
[Date "2020.02.02"]
[Round "5.2"]
[White "Neidig, Stefan"]
[Black "Rau, Hannes"]
[Result "1-0"]
[WhiteElo "2227"]
[BlackElo "2453"]
[PlyCount "73"]
[EventDate "2019.09.29"]
[EventType "team-tourn"]
[EventRounds "9"]
[EventCountry "GER"]
[SourceTitle "EXT 2021"]
[Source "ChessBase"]
[SourceDate "2020.10.23"]
[SourceVersion "1"]
[SourceVersionDate "2020.10.23"]
[SourceQuality "1"]
[WhiteTeam "Ladenburg"]
[BlackTeam "Hockenheim II"]
[WhiteTeamCountry "GER"]
[BlackTeamCountry "GER"]

1. Nf3 c5 2. g3 Nc6 3. c4 e5 4. Nc3 g6 5. Bg2 Bg7 6. 0-0 Nge7 7. d3 0-0 8. Rb1 h6 9. a3 a5 10. Bd2 d6 11. Ne1 Bd7 12. Nc2 a4 13. Ne3 Na5 14. Nxa4 Nxc4 15. dxc4 Bxa4 16. Qc1 Bc6 17. Nd5 Kh7 18. Nxe7 Qxe7 19. Bxc6 bxc6 20. b4 cxb4 21. axb4 Rfc8 22. Qc2 e4 23. Be3 Ra3 24. Rb3 Ra4 25. Rd1 Qe6 26. Bd4 Bf8 27. Ra1 Rca8 28. Rxa4 Rxa4 29. Rb1 Ra8 30. b5 c5 31. Ba1 Bg7 32. Bxg7 Kxg7 33. b6 Rb8 34. Qa4 d5 35. Qa7 Qe5 36. cxd5 c4 37. Qc7 1-0

[Event "Oberliga Baden 1819"]
[Site "Baden"]
[Date "2019.02.03"]
[Round "6.1"]
[White "Rogic, Davor"]
[Black "Rau, Hannes"]
[Result "1/2-1/2"]
[WhiteElo "2513"]
[BlackElo "2472"]
[PlyCount "38"]
[EventDate "2018.10.21"]
[EventType "team-tourn"]
[EventRounds "9"]
[EventCountry "GER"]
[SourceTitle "EXT 2020"]
[Source "ChessBase"]
[SourceDate "2019.10.17"]
[SourceVersion "1"]
[SourceVersionDate "2019.10.17"]
[SourceQuality "1"]
[WhiteTeam "Untergrombach"]
[BlackTeam "Hockenheim II"]
[WhiteTeamCountry "GER"]
[BlackTeamCountry "GER"]

1. e4 c5 2. Nf3 Nc6 3. d4 cxd4 4. Nxd4 Nf6 5. Nc3 d6 6. Bc4 e6 7. Be3 Be7 8. Qe2 0-0 9. 0-0-0 Qc7 10. Bb3 a6 11. g4 Nxd4 12. Rxd4 b5 13. g5 Nd7 14. e5 Nxe5 15. Rg1 g6 16. Rg3 f5 17. gxf6 Bxf6 18. Ne4 Bg7 19. Rxd6 Nc4 1/2-1/2

[Event "Oberliga Baden 1819"]
[Site "Baden"]
[Date "2018.11.25"]
[Round "3.1"]
[White "Rau, Hannes"]
[Black "Lekic, Dusan"]
[Result "0-1"]
[WhiteElo "2472"]
[BlackElo "2344"]
[PlyCount "52"]
[EventDate "2018.10.21"]
[EventType "team-tourn"]
[EventRounds "9"]
[EventCountry "GER"]
[SourceTitle "EXT 2020"]
[Source "ChessBase"]
[SourceDate "2019.10.17"]
[SourceVersion "1"]
[SourceVersionDate "2019.10.17"]
[SourceQuality "1"]
[WhiteTeam "Hockenheim II"]
[BlackTeam "Dreisamtal"]
[WhiteTeamCountry "GER"]
[BlackTeamCountry "GER"]

1. c4 e5 2. Nc3 Nf6 3. Nf3 Nc6 4. e3 Bb4 5. Qc2 d6 6. Nd5 Ba5 7. a3 Nxd5 8. cxd5 Ne7 9. e4 0-0 10. Be2 c6 11. dxc6 Nxc6 12. 0-0 Bg4 13. h3 Bxf3 14. Bxf3 Nd4 15. Qd3 Bb6 16. b4 d5 17. Bd1 f5 18. exf5 e4 19. Qg3 Nxf5 20. Qg4 h5 21. Qg6 Rf6 22. Qg5 Qd6 23. Bb2 Nd4 24. Bxh5 Rf5 25. Qg6 Qxg6 26. Bxg6 Rg5 0-1

[Event "Bundesliga 1617"]
[Site "Germany"]
[Date "2017.04.29"]
[Round "13.31"]
[White "Rau, Hannes"]
[Black "Spitzl, Vinzent"]
[Result "1-0"]
[WhiteElo "2474"]
[BlackElo "2146"]
[PlyCount "81"]
[EventDate "2016.10.15"]
[EventType "team-tourn"]
[EventRounds "15"]
[EventCountry "GER"]
[SourceTitle "CBM 178"]
[Source "ChessBase"]
[SourceDate "2017.05.14"]
[SourceVersion "1"]
[SourceVersionDate "2017.05.14"]
[SourceQuality "1"]
[WhiteTeam "Hockenheim"]
[BlackTeam "Griesheim"]
[WhiteTeamCountry "GER"]
[BlackTeamCountry "GER"]

1. c4 e6 2. Nc3 d5 3. d4 Nf6 4. cxd5 exd5 5. Bg5 c6 6. e3 Be7 7. Bd3 Nbd7 8. Nge2 Nh5 9. Bxe7 Qxe7 10. Qc2 g6 11. 0-0-0 Nb6 12. Kb1 Be6 13. Na4 Nxa4 14. Qxa4 Qd7 15. f3 0-0 16. g4 Ng7 17. h4 f5 18. h5 fxg4 19. hxg6 hxg6 20. Nf4 Bf5 21. fxg4 Bxd3+ 22. Nxd3 Qxg4 23. Qc2 Qe4 24. Qh2 Nh5 25. Ka1 Kg7 26. Rhg1 Nf6 27. Nc5 Qe7 28. Qg3 Rg8 29. Qxg6+ Kh8 30. Rh1+ Nh7 31. Qh6 Qg7 32. Qh3 Rae8 33. Nd3 Re7 34. Ne5 Qg3 35. Qh5 Rgg7 36. Rdf1 Kg8 37. Qf5 Re8 38. a3 Qg2 39. Ka2 Qg3 40. Rhg1 Rxe5 41. Qc8+ 1-0

[Event "Bundesliga 1617"]
[Site "Germany"]
[Date "2017.04.08"]
[Round "11.3"]
[White "Rau, Hannes"]
[Black "Meister, Peter"]
[Result "1/2-1/2"]
[WhiteElo "2474"]
[BlackElo "2359"]
[PlyCount "49"]
[EventDate "2016.10.15"]
[EventType "team-tourn"]
[EventRounds "15"]
[EventCountry "GER"]
[SourceTitle "CBM 178"]
[Source "ChessBase"]
[SourceDate "2017.05.14"]
[SourceVersion "1"]
[SourceVersionDate "2017.05.14"]
[SourceQuality "1"]
[WhiteTeam "Hockenheim"]
[BlackTeam "Bayern Muenchen"]
[WhiteTeamCountry "GER"]
[BlackTeamCountry "GER"]

1. c4 g6 2. Nc3 Bg7 3. Nf3 d6 4. d4 Bg4 5. e3 c5 6. Be2 cxd4 7. exd4 Nc6 8. Be3 Nh6 9. d5 Bxf3 10. Bxf3 Ne5 11. Be2 Nf5 12. Bf4 0-0 13. Rc1 Rc8 14. b3 a6 15. 0-0 Nd4 16. Kh1 Nxe2 17. Qxe2 Re8 18. Bd2 Nd7 19. Ne4 Nf6 20. Nxf6+ Bxf6 21. Bc3 e5 22. dxe6 Rxe6 23. Qd3 Bxc3 24. Rxc3 d5 25. cxd5 1/2-1/2

[Event "Bundesliga 1516"]
[Site "Germany"]
[Date "2016.02.07"]
[Round "6.8"]
[White "Rau, Hannes"]
[Black "Van Foreest, Lucas"]
[Result "1/2-1/2"]
[WhiteElo "2468"]
[BlackElo "2314"]
[PlyCount "73"]
[EventDate "2015.09.18"]
[EventType "team-tourn"]
[EventRounds "15"]
[EventCountry "GER"]
[SourceTitle "CBM 171"]
[Source "ChessBase"]
[SourceDate "2016.03.14"]
[SourceVersion "2"]
[SourceVersionDate "2016.03.14"]
[SourceQuality "1"]
[WhiteTeam "Hockenheim"]
[BlackTeam "Emsdetten Turm"]
[WhiteTeamCountry "GER"]
[BlackTeamCountry "GER"]

1. c4 b6 2. d4 Bb7 3. Nc3 Nf6 4. d5 e6 5. g3 exd5 6. cxd5 Bb4 7. Bg2 c6 8. dxc6 Bxc6 9. Nf3 Nd5 10. Bd2 Nxc3 11. Bxc3 Bxc3+ 12. bxc3 0-0 13. 0-0 Na6 14. Ne5 Bxg2 15. Kxg2 Qc7 16. Qd5 Rae8 17. Nf3 Qxc3 18. Qxd7 Qc7 19. Qxc7 Nxc7 20. Nd4 Re5 21. e3 Ne6 22. Nc6 Rc5 23. Rfc1 Ra8 24. a4 Kf8 25. Rxc5 Nxc5 26. a5 Nb3 27. Ra3 Nxa5 28. Nxa5 bxa5 29. Rxa5 Ke7 30. Kf3 Kd6 31. Ke4 Kc6 32. Kd4 Rd8+ 33. Kc4 Rd2 34. Rf5 f6 35. h4 Rc2+ 36. Kb4 Rb2+ 37. Kc4 1/2-1/2

[Event "Bundesliga 1516"]
[Site "Germany"]
[Date "2016.02.06"]
[Round "5.8"]
[White "Meins, Gerlef"]
[Black "Rau, Hannes"]
[Result "0-1"]
[WhiteElo "2430"]
[BlackElo "2468"]
[PlyCount "60"]
[EventDate "2015.09.18"]
[EventType "team-tourn"]
[EventRounds "15"]
[EventCountry "GER"]
[SourceTitle "CBM 171"]
[Source "ChessBase"]
[SourceDate "2016.03.14"]
[SourceVersion "2"]
[SourceVersionDate "2016.03.14"]
[SourceQuality "1"]
[WhiteTeam "Werder Bremen"]
[BlackTeam "Hockenheim"]
[WhiteTeamCountry "GER"]
[BlackTeamCountry "GER"]

1. Nf3 d5 2. c4 d4 3. b4 f6 4. e3 c5 5. bxc5 e5 6. exd4 exd4 7. Bd3 Bxc5 8. 0-0 Ne7 9. Ba3 Bxa3 10. Nxa3 Nbc6 11. Rb1 0-0 12. c5 Kh8 13. Nc4 Qd5 14. Nd6 Bg4 15. Be4 Qxc5 16. Nxb7 Qa3 17. Qc1 Qa6 18. h3 Bxf3 19. Bxf3 Ne5 20. Be4 Rac8 21. Qb2 f5 22. Qxd4 Qe6 23. Rb5 N7g6 24. Qd5 Qa6 25. Bb1 Rc7 26. Rb3 Qxf1+ 27. Kxf1 Rc1+ 28. Ke2 Nf4+ 29. Ke3 Nxd5+ 30. Kd4 Nc4 0-1

[Event "Bundesliga 1516"]
[Site "Germany"]
[Date "2015.12.13"]
[Round "4.4"]
[White "Rau, Hannes"]
[Black "Mainka, Romuald"]
[Result "1-0"]
[WhiteElo "2468"]
[BlackElo "2417"]
[PlyCount "81"]
[EventDate "2015.09.18"]
[EventType "team-tourn"]
[EventRounds "15"]
[EventCountry "GER"]
[SourceTitle "CBM 170"]
[Source "ChessBase"]
[SourceDate "2016.01.15"]
[SourceVersion "1"]
[SourceVersionDate "2016.01.15"]
[SourceQuality "1"]
[WhiteTeam "Hockenheim"]
[BlackTeam "Dortmund Hansa"]
[WhiteTeamCountry "GER"]
[BlackTeamCountry "GER"]

1. d4 Nf6 2. c4 e6 3. Nc3 d5 4. cxd5 exd5 5. Bg5 c6 6. e3 Be7 7. Bd3 Nbd7 8. Nge2 0-0 9. 0-0 Re8 10. f3 Nf8 11. Bh4 Be6 12. Bf2 Rc8 13. Kh1 c5 14. Rc1 Bd7 15. Bb1 Ng6 16. Qd2 cxd4 17. Nxd4 Ne5 18. Nf5 Bxf5 19. Bxf5 Nc4 20. Qe2 Rc6 21. Rfd1 Nd6 22. Bc2 a6 23. Bb3 Qc8 24. Rc2 d4 25. Rxd4 Nf5 26. Rd1 Bc5 27. Nd5 Nxd5 28. Bxd5 Rc7 29. Be4 Nd6 30. Bd3 Qe6 31. Rdc1 Rec8 32. e4 Qe5 33. b4 Bxf2 34. Rxc7 Rxc7 35. Rxc7 Bb6 36. Rc1 g5 37. g3 h5 38. Rf1 Kg7 39. f4 gxf4 40. gxf4 Qd4 41. e5 1-0

[Event "Bundesliga 1415"]
[Site "Germany"]
[Date "2015.03.15"]
[Round "13.7"]
[White "Rau, Hannes"]
[Black "Skibbe, Willi"]
[Result "1-0"]
[WhiteElo "2455"]
[BlackElo "2274"]
[PlyCount "157"]
[EventDate "2014.10.18"]
[EventType "team-tourn"]
[EventRounds "15"]
[EventCountry "GER"]
[SourceTitle "CBM 166"]
[Source "ChessBase"]
[SourceDate "2015.05.11"]
[SourceVersion "1"]
[SourceVersionDate "2015.05.11"]
[SourceQuality "1"]
[WhiteTeam "Hockenheim"]
[BlackTeam "Rostock"]
[WhiteTeamCountry "GER"]
[BlackTeamCountry "GER"]

1. c4 c5 2. Nf3 Nc6 3. Nc3 e5 4. e3 f5 5. d4 e4 6. d5 exf3 7. dxc6 dxc6 8. Qxd8+ Kxd8 9. gxf3 Be6 10. b3 Nf6 11. Bb2 Bd6 12. 0-0-0 Ke7 13. Bd3 Rhd8 14. f4 Rd7 15. Kc2 Rad8 16. f3 Kf8 17. Ne2 Ng8 18. h4 Be7 19. Ng3 g6 20. e4 Bf6 21. Ba3 b6 22. exf5 gxf5 23. Bxf5 Rxd1 24. Rxd1 Rxd1 25. Kxd1 Bxh4 26. Bxe6 Bxg3 27. Bc1 Nf6 28. Bf5 h5 29. Ke2 h4 30. Bg4 Nxg4 31. fxg4 h3 32. Kf3 h2 33. Kg2 Kf7 34. a4 a6 35. Bd2 Kf6 36. Bc3+ Kf7 37. f5 Bf4 38. Be1 Kg7 39. Bh4 Kh6 40. Be7 Be5 41. g5+ Kg7 42. g6 Bc7 43. a5 b5 44. Bxc5 Be5 45. Be7 bxc4 46. bxc4 Bc7 47. Kh1 Bf4 48. c5 Be5 49. Kg2 Bc7 50. Bd6 Bxa5 51. Bxh2 Bc3 52. Kf3 a5 53. Ke4 a4 54. Kd3 Ba1 55. Bd6 Kf6 56. Bf8 a3 57. Kc2 Bb2 58. Kb1 Bd4 59. Ka2 Bb2 60. Bh6 Bd4 61. Kb3 Bxc5 62. Bg5+ Kg7 63. Bd2 Bf8 64. Bc3+ Kh6 65. Bf6 Bd6 66. g7 Kh7 67. Bc3 Kg8 68. f6 Kf7 69. Bd4 Kg8 70. Kc4 Kf7 71. Bc3 Kg8 72. Kd4 Kf7 73. Ke4 Bc5 74. Kf5 Be3 75. g8Q+ Kxg8 76. Kg6 Kf8 77. f7 Bh6 78. Bb4+ c5 79. Bxc5# 1-0

[Event "Verbandsliga Nordbaden 1415"]
[Site "Baden"]
[Date "2015.03.01"]
[Round "7.1"]
[White "Buecker, Stefan"]
[Black "Rau, Hannes"]
[Result "0-1"]
[WhiteElo "2301"]
[BlackElo "2455"]
[PlyCount "115"]
[EventDate "2014.10.12"]
[EventType "team-tourn"]
[EventRounds "9"]
[EventCountry "GER"]
[SourceTitle "EXT 2022"]
[Source "ChessBase"]
[SourceDate "2021.10.06"]
[SourceVersion "1"]
[SourceVersionDate "2021.10.06"]
[SourceQuality "1"]
[WhiteTeam "Pforzheim"]
[BlackTeam "Hockenheim II"]
[WhiteTeamCountry "GER"]
[BlackTeamCountry "GER"]

1. e4 c5 2. a4 Nc6 3. Bb5 g6 4. Nf3 Bg7 5. 0-0 e5 6. Nc3 Nge7 7. d3 0-0 8. Bc4 d6 9. Nd5 Nxd5 10. Bxd5 Ne7 11. Bg5 h6 12. Bxe7 Qxe7 13. Qb1 Bg4 14. Nd2 Qg5 15. Nc4 Bh3 16. Ne3 Kh8 17. Kh1 Bc8 18. Nc4 Qe7 19. b4 Rb8 20. bxc5 dxc5 21. Ra3 f5 22. Rb3 Qc7 23. a5 g5 24. f3 Rf6 25. exf5 Rxf5 26. Ne3 Rf8 27. Rb5 Bf6 28. c4 Bd8 29. Be4 Qe7 30. Qa1 Qd6 31. Nd5 Bd7 32. Rb3 Rf7 33. Nc3 Qd4 34. a6 b6 35. Qe1 Bf6 36. Bd5 Rg7 37. Ne4 Be7 38. h3 b5 39. Qa5 Bd8 40. Qa2 Rb6 41. Qa1 Be7 42. Bb7 b4 43. Qa5 Rgg6 44. Qa2 Kg7 45. Re1 h5 46. Nf2 g4 47. Re4 Qd6 48. fxg4 hxg4 49. d4 exd4 50. Qe2 Bg5 51. Nxg4 Bf5 52. Re8 Re6 53. Rxe6 Qxe6 54. Qd1 d3 55. Nf2 d2 56. Rg3 Qe1+ 57. Kh2 Qxd1 58. Nxd1 0-1

[Event "Bundesliga 1415"]
[Site "Germany"]
[Date "2015.02.01"]
[Round "9.1"]
[White "Rau, Hannes"]
[Black "Renner, Christoph"]
[Result "1-0"]
[WhiteElo "2455"]
[BlackElo "2375"]
[PlyCount "47"]
[EventDate "2014.10.18"]
[EventType "team-tourn"]
[EventRounds "15"]
[EventCountry "GER"]
[SourceTitle "CBM 165"]
[Source "ChessBase"]
[SourceDate "2015.03.11"]
[SourceVersion "1"]
[SourceVersionDate "2015.03.11"]
[SourceQuality "1"]
[WhiteTeam "Hockenheim"]
[BlackTeam "Bayern Muenchen"]
[WhiteTeamCountry "GER"]
[BlackTeamCountry "GER"]

1. d4 Nf6 2. c4 e6 3. Nc3 d5 4. cxd5 exd5 5. Bg5 Be7 6. e3 0-0 7. Bd3 Nbd7 8. Nge2 b6 9. 0-0 Bb7 10. Rc1 a6 11. Ng3 g6 12. f4 c5 13. f5 Ne4 14. Bxe7 Nxc3 15. bxc3 Qxe7 16. Qf3 Nf6 17. Rce1 Rae8 18. Qf4 c4 19. Bb1 b5 20. h4 Kh8 21. Qg5 Qd6 22. h5 gxh5 23. Nxh5 Nxh5 24. f6 1-0

[Event "Bundesliga 1415"]
[Site "Germany"]
[Date "2014.11.07"]
[Round "7.7"]
[White "Kolbus, Dietmar"]
[Black "Rau, Hannes"]
[Result "1/2-1/2"]
[WhiteElo "2316"]
[BlackElo "2455"]
[PlyCount "68"]
[EventDate "2014.10.18"]
[EventType "team-tourn"]
[EventRounds "15"]
[EventCountry "GER"]
[SourceTitle "CBM 164"]
[Source "ChessBase"]
[SourceDate "2015.01.15"]
[SourceVersion "1"]
[SourceVersionDate "2015.01.15"]
[SourceQuality "1"]
[WhiteTeam "Trier"]
[BlackTeam "Hockenheim"]
[WhiteTeamCountry "GER"]
[BlackTeamCountry "GER"]

1. Nf3 c5 2. c4 Nc6 3. d4 cxd4 4. Nxd4 Nf6 5. g3 e6 6. Bg2 Qb6 7. Nxc6 bxc6 8. 0-0 d5 9. Nc3 Be7 10. cxd5 exd5 11. b3 0-0 12. Bb2 Bf5 13. Rc1 Rac8 14. Na4 Qa5 15. Qe1 Qa6 16. Qc3 Rfe8 17. e3 Bf8 18. Nc5 Bxc5 19. Qxc5 Qxa2 20. Bxf6 gxf6 21. b4 Qb2 22. Qc3 Qxc3 23. Rxc3 Kg7 24. h4 Be4 25. Rfc1 Rb8 26. Rxc6 Rxb4 27. Bxe4 Rbxe4 28. Ra6 R4e7 29. Rca1 Ra8 30. R1a5 Rd7 31. Kg2 h5 32. Kf3 Kg6 33. Ra4 Re7 34. R4a5 Rd7 1/2-1/2

[Event "BEL-chT 1314"]
[Site "Belgium"]
[Date "2014.02.23"]
[Round "10.5"]
[White "Rau, Hannes"]
[Black "Horvath, Csaba"]
[Result "1-0"]
[WhiteElo "2458"]
[BlackElo "2524"]
[PlyCount "101"]
[EventDate "2013.09.22"]
[EventType "team-tourn"]
[EventRounds "11"]
[EventCountry "BEL"]
[SourceTitle "EXT 2015"]
[Source "ChessBase"]
[SourceDate "2014.11.20"]
[SourceVersion "1"]
[SourceVersionDate "2014.11.20"]
[SourceQuality "1"]
[WhiteTeam "Fontaine"]
[BlackTeam "Eynatten"]
[WhiteTeamCountry "BEL"]
[BlackTeamCountry "BEL"]

1. d4 Nf6 2. c4 e6 3. Nc3 Bb4 4. Qc2 c5 5. dxc5 Bxc5 6. Nf3 Qb6 7. e3 Be7 8. Be2 Qc7 9. 0-0 d6 10. Rd1 0-0 11. b3 a6 12. a4 b6 13. Ba3 Bb7 14. Qd3 Rd8 15. Rac1 h6 16. Ne1 Ne8 17. Bf3 Nd7 18. Bxb7 Qxb7 19. Qe4 Qc7 20. Nd5 exd5 21. Qxe7 Nc5 22. Qxc7 Nxc7 23. cxd5 a5 24. Bxc5 bxc5 25. e4 Re8 26. f3 f5 27. exf5 Re5 28. g4 Re3 29. Rd3 Rae8 30. Rxe3 Rxe3 31. Rb1 Kf7 32. Kf2 Rc3 33. Kg3 Nxd5 34. Rd1 Nf6 35. Rd3 Rc1 36. Ng2 d5 37. Ne3 c4 38. bxc4 dxc4 39. Rd4 c3 40. Rc4 Ke7 41. h4 Kd6 42. Kf2 Nd7 43. Ke2 Nb6 44. Re4 Rh1 45. Kd3 Rxh4 46. f6 c2 47. f7 c1Q 48. f8Q+ Kc7 49. Qe7+ Kb8 50. Qxh4 Qc5 51. Ke2 1-0

[Event "Bundesliga 1314"]
[Site "Germany"]
[Date "2013.10.12"]
[Round "1.8"]
[White "Rosen, Bernd"]
[Black "Rau, Hannes"]
[Result "0-1"]
[WhiteElo "2341"]
[BlackElo "2458"]
[PlyCount "62"]
[EventDate "2013.10.12"]
[EventType "team-tourn"]
[EventRounds "15"]
[EventCountry "GER"]
[SourceTitle "CBM 157"]
[Source "ChessBase"]
[SourceDate "2013.11.12"]
[SourceVersion "1"]
[SourceVersionDate "2013.11.12"]
[SourceQuality "1"]
[WhiteTeam "Katernberg"]
[BlackTeam "Hockenheim"]
[WhiteTeamCountry "GER"]
[BlackTeamCountry "GER"]

1. c4 Nf6 2. g3 c5 3. Bg2 Nc6 4. Nf3 d5 5. 0-0 d4 6. d3 e5 7. e3 Be7 8. exd4 exd4 9. Bf4 Nh5 10. Bd2 0-0 11. Na3 g6 12. Nc2 a5 13. b3 Bf5 14. Bh6 Re8 15. h3 Ng7 16. a3 g5 17. g4 Bg6 18. h4 gxh4 19. Bf4 h5 20. Ne5 Nxe5 21. Bxe5 Bf6 22. Bh2 hxg4 23. Bxb7 Ra7 24. Bc6 g3 25. fxg3 Be5 26. Bxe8 hxg3 27. Bxg3 Qg5 28. Qf3 Bxg3 29. Bc6 Nf5 30. Be4 Nh4 31. Qe2 Re7 0-1

[Event "Bundesliga 1213"]
[Site "Germany"]
[Date "2013.02.23"]
[Round "9"]
[White "Walter, Stefan1111"]
[Black "Rau, Hannes"]
[Result "0-1"]
[WhiteElo "2358"]
[BlackElo "2438"]
[PlyCount "110"]
[EventDate "2012.10.20"]
[EventType "team-tourn"]
[EventRounds "15"]
[EventCountry "GER"]
[SourceTitle "CBM 153"]
[Source "ChessBase"]
[SourceDate "2013.03.14"]
[SourceVersion "1"]
[SourceVersionDate "2013.03.14"]
[SourceQuality "1"]
[WhiteTeam "Griesheim"]
[BlackTeam "Hockenheim"]
[WhiteTeamCountry "GER"]
[BlackTeamCountry "GER"]

1. d4 Nf6 2. c4 e6 3. g3 d5 4. Nf3 Be7 5. Bg2 0-0 6. 0-0 dxc4 7. Qa4 a6 8. Qxc4 b5 9. Qc2 Bb7 10. Bd2 Be4 11. Qc1 Qc8 12. Bf4 c5 13. Nbd2 Bd5 14. dxc5 Bxc5 15. Nb3 Be7 16. Qxc8 Rxc8 17. Rfc1 Nc6 18. Nfd4 Nxd4 19. Nxd4 Bxg2 20. Kxg2 Nd5 21. Nc6 Bf6 22. Rab1 Bc3 23. Ne5 Nxf4+ 24. gxf4 Bxe5 25. fxe5 g5 26. Kf3 Kg7 27. Rg1 Kg6 28. h4 h6 29. hxg5 hxg5 30. Rbc1 Rd8 31. Ke3 Rac8 32. Rxc8 Rxc8 33. f4 Rc2 34. Rxg5+ Kh6 35. b3 Rxa2 36. Rg3 a5 37. f5 exf5 38. Kf4 Rxe2 39. Kxf5 Rf2+ 40. Ke4 Rc2 41. Kf5 Rc6 42. Rd3 Kg7 43. Rd5 Rb6 44. Rd8 Ra6 45. Rd2 a4 46. b4 Rc6 47. Rd5 a3 48. Rd2 Ra6 49. Ra2 Kf8 50. Ke4 Ke7 51. Kd5 Ra8 52. Kc6 Ke6 53. Kxb5 Kd5 54. Kb6 Kc4 55. Kb7 Ra4 0-1

[Event "Verbandsliga Nord Baden 1213"]
[Site "Baden"]
[Date "2013.02.17"]
[Round "6.2"]
[White "Rau, Hannes"]
[Black "Schwalfenberg, Joerg"]
[Result "0-1"]
[WhiteElo "2439"]
[BlackElo "2332"]
[PlyCount "74"]
[EventDate "2012.10.21"]
[EventType "team-tourn"]
[EventRounds "9"]
[EventCountry "GER"]
[SourceTitle "EXT 2014"]
[Source "ChessBase"]
[SourceDate "2013.11.20"]
[SourceVersion "1"]
[SourceVersionDate "2013.11.20"]
[SourceQuality "1"]
[WhiteTeam "Hockenheim II"]
[BlackTeam "Heidelberg"]
[WhiteTeamCountry "GER"]
[BlackTeamCountry "GER"]

1. d4 d5 2. c4 c6 3. Nf3 Nf6 4. e3 g6 5. Be2 Bg7 6. 0-0 0-0 7. Nbd2 Bf5 8. b4 Nbd7 9. Bb2 Ne4 10. Nxe4 Bxe4 11. Qb3 dxc4 12. Qxc4 Nb6 13. Qc1 Na4 14. Ba3 Qd5 15. Nd2 Bxg2 16. Bc4 Qg5 17. f4 Qg4 18. Rf2 Bd5+ 19. Kf1 Qh3+ 20. Ke2 Bf6 21. Bb3 Nb6 22. Bxd5 cxd5 23. Qf1 Qh5+ 24. Nf3 Rfc8 25. Kd1 Rc3 26. Bc1 Nc4 27. Qe2 Rc8 28. Rb1 Qf5 29. Rb3 Rxc1+ 30. Kxc1 Nxe3+ 31. Kb2 Nc4+ 32. Ka1 Qxf4 33. Qd1 Ne3 34. Qd3 Rc1+ 35. Rb1 Rc4 36. a3 Rxd4 37. Nxd4 Qxf2 0-1

[Event "Vienna Husek op-A"]
[Site "Vienna"]
[Date "2012.08.19"]
[Round "7"]
[White "Rau, Hannes"]
[Black "Ernst, Michael"]
[Result "1/2-1/2"]
[WhiteElo "2447"]
[BlackElo "2182"]
[PlyCount "77"]
[EventDate "2012.08.13"]
[EventType "swiss"]
[EventRounds "7"]
[EventCountry "AUT"]
[SourceTitle "CBM 149 Extra"]
[Source "ChessBase"]
[SourceDate "2012.08.24"]
[SourceVersion "1"]
[SourceVersionDate "2012.08.24"]
[SourceQuality "1"]

1. d4 Nf6 2. c4 e6 3. Nc3 Bb4 4. f3 d5 5. a3 Bxc3+ 6. bxc3 c5 7. cxd5 Nxd5 8. dxc5 Qa5 9. e4 Ne7 10. Be3 0-0 11. Qb3 Qc7 12. a4 Nec6 13. Nh3 e5 14. Nf2 Be6 15. Qa3 Na5 16. Be2 Rc8 17. 0-0 Nd7 18. Rfd1 Bc4 19. c6 Qxc6 20. Qe7 Re8 21. Qxd7 Bxe2 22. Qxc6 Nxc6 23. Rd2 Bc4 24. Nd3 Rad8 25. Nb4 Rxd2 26. Bxd2 Nxb4 27. cxb4 Rd8 28. Be3 a6 29. Bb6 Rc8 30. a5 f6 31. Rd1 Be6 32. Bc5 Kf7 33. Kf2 Ke8 34. Rd6 Rc6 35. Rd2 Rc8 36. g4 Rd8 37. Rc2 Bd7 38. h4 Bc6 39. Ke3 1/2-1/2

[Event "Vienna Husek op-A"]
[Site "Vienna"]
[Date "2012.08.18"]
[Round "6"]
[White "Schwabeneder, Florian"]
[Black "Rau, Hannes"]
[Result "1-0"]
[WhiteElo "2266"]
[BlackElo "2447"]
[PlyCount "79"]
[EventDate "2012.08.13"]
[EventType "swiss"]
[EventRounds "7"]
[EventCountry "AUT"]
[SourceTitle "CBM 149 Extra"]
[Source "ChessBase"]
[SourceDate "2012.08.24"]
[SourceVersion "1"]
[SourceVersionDate "2012.08.24"]
[SourceQuality "1"]

1. e4 c5 2. Nc3 Nc6 3. f4 g6 4. Nf3 Bg7 5. Bb5 Nd4 6. 0-0 Nxb5 7. Nxb5 Nf6 8. d3 0-0 9. Qe1 d5 10. e5 Ne8 11. d4 a6 12. Nc3 Bg4 13. dxc5 d4 14. Ne4 f6 15. exf6 Nxf6 16. Neg5 Qd5 17. Ne5 Bf5 18. Nd3 h6 19. Nf3 Ne4 20. b4 a5 21. Bb2 axb4 22. Qxb4 Nc3 23. Bxc3 Bxd3 24. cxd3 dxc3 25. d4 Rxf4 26. Qxc3 Rxd4 27. Rae1 Rd3 28. Qb4 e6 29. Qg4 Qxc5+ 30. Kh1 Qf5 31. Qc4 Qd5 32. Qg4 g5 33. h4 gxh4 34. Rxe6 h5 35. Qg6 Rd1 36. Re7 Rxf1+ 37. Kh2 Rh1+ 38. Kxh1 Qd1+ 39. Kh2 Qa1 40. Ne5 1-0

[Event "Vienna Husek op-A"]
[Site "Vienna"]
[Date "2012.08.13"]
[Round "1"]
[White "Rau, Hannes"]
[Black "Kranewitter, Norbert"]
[Result "1-0"]
[WhiteElo "2447"]
[BlackElo "2074"]
[PlyCount "101"]
[EventDate "2012.08.13"]
[EventType "swiss"]
[EventRounds "7"]
[EventCountry "AUT"]
[SourceTitle "CBM 149 Extra"]
[Source "ChessBase"]
[SourceDate "2012.08.24"]
[SourceVersion "1"]
[SourceVersionDate "2012.08.24"]
[SourceQuality "1"]

1. d4 d5 2. c4 c6 3. Nf3 Nf6 4. Nc3 dxc4 5. a4 Bf5 6. Nh4 Bg6 7. Nxg6 hxg6 8. e4 e5 9. Be3 Bb4 10. f3 Qc7 11. Bxc4 exd4 12. Qxd4 c5 13. Bb5+ Nc6 14. Bxc6+ bxc6 15. Qc4 Nd7 16. f4 Nb6 17. Qe2 Rd8 18. 0-0 0-0 19. Nd1 Rfe8 20. Nf2 Re7 21. Rfc1 Red7 22. b3 Bd2 23. Rxc5 Bxe3 24. Qxe3 Nc8 25. Rac1 Ne7 26. h3 Qb6 27. Kh2 Rd2 28. a5 Qa6 29. R1c4 Ra2 30. Re5 Rdd2 31. Nd3 Rxg2+ 32. Kh1 Rge2 33. Qd4 Qc8 34. f5 Qc7 35. Qc5 Ra1+ 36. Rc1 Rxc1+ 37. Nxc1 Re1+ 38. Kg2 Rxc1 39. Qxe7 Qxe7 40. Rxe7 gxf5 41. exf5 Rc5 42. Rxa7 Rxf5 43. a6 Rb5 44. Rb7 Ra5 45. a7 Kh7 46. Rxf7 Kg6 47. Rb7 c5 48. Kf3 Kf6 49. Ke4 g5 50. Kd5 Kg6 51. Kc6 1-0